The Muslim world in modern South Asia : Power , Authority, Knowledge (Record no. 23149)

MARC details
000 -LEADER
fixed length control field 00450cam a2200169 i 4500
020 ## - INTERNATIONAL STANDARD BOOK NUMBER
ISBN 9788178245379
020 ## - INTERNATIONAL STANDARD BOOK NUMBER
ISBN 817824537X
082 04 - DEWEY DECIMAL CLASSIFICATION NUMBER
Classification number 297.0954
Author Cutter ROB
100 1# - MAIN ENTRY--AUTHOR NAME
Author name Robinson, Francis,
245 14 - TITLE STATEMENT
Title The Muslim world in modern South Asia : Power , Authority, Knowledge
260 ## - PUBLICATION, DISTRIBUTION, ETC. (IMPRINT)
Place of publication Hyderabad
Name of publisher Orient Black Swan
Year of publication 2019
300 ## - PHYSICAL DESCRIPTION
Number of Pages xix, 397 pages ;
650 #0 - SUBJECT ADDED ENTRY--TOPICAL TERM
Topical Term Islamic renewal
650 #0 - SUBJECT ADDED ENTRY--TOPICAL TERM
Topical Term Islamic renewal.
942 ## - ADDED ENTRY ELEMENTS (KOHA)
Koha item type Books
Holdings
Home library Current library Shelving location Date acquired Source of acquisition Cost, normal purchase price Full call number Accession Number Koha item type
Henry Martyn Institute Library Henry Martyn Institute Library General stacks 10/12/2021 Orient BlackSwan 995.00 297.0954 ROB 25834 Books
                   Copyright © 2026 | Henry Martyn Institute | Hyderabad | TS-500052 | INDIA | Implemented by hmi.edu.in
Hit-Count:

Powered by Koha